|
|
|
|
| LEADER |
02147nam a2200541 i 4500 |
| 001 |
nkc20193084147 |
| 003 |
CZ PrNK |
| 005 |
20190507064221.0 |
| 007 |
ta |
| 008 |
190402s2019 xr a e c 000 0dcze |
| 020 |
|
|
|a 978-80-270-5736-8
|q (v knize neuvedeno ;
|q brožováno)
|
| 040 |
|
|
|a ABA001
|b cze
|d OLA001
|e rda
|
| 043 |
|
|
|a e-xr---
|
| 045 |
|
|
|a t-x-
|
| 072 |
|
7 |
|a 77
|x Fotografie. Fotografické postupy
|2 Konspekt
|9 21
|
| 080 |
|
|
|a 77.047
|2 MRF
|
| 080 |
|
|
|a 75(4)
|2 MRF
|
| 080 |
|
|
|a 75.047
|2 MRF
|
| 080 |
|
|
|a (4)
|2 MRF
|
| 080 |
|
|
|a (437.3)
|2 MRF
|
| 080 |
|
|
|a (083.824)
|2 MRF
|
| 100 |
1 |
|
|a Spurný, Miloš,
|d 1922-1979
|7 jk01120728
|4 pht
|
| 245 |
1 |
0 |
|a Krajina nesmrtelná? :
|b konfrontace klasických děl krajinomalby s fotografiemi Miloše Spurného
|
| 264 |
|
1 |
|a [Praha] :
|b Galerie Zezula,
|c [2019]
|
| 300 |
|
|
|a 12 stran :
|b ilustrace (převážně barevné) ;
|c 30 cm
|
| 336 |
|
|
|a text
|b txt
|2 rdacontent
|
| 336 |
|
|
|a statický obraz
|b sti
|2 rdacontent
|
| 337 |
|
|
|a bez média
|b n
|2 rdamedia
|
| 338 |
|
|
|a svazek
|b nc
|2 rdacarrier
|
| 500 |
|
|
|a Název z obálky
|
| 500 |
|
|
|a Katalog ke stejnojmenné výstavě konané ve dnech 14.-23.3.2019 v Galerii Zezula, Praha
|
| 600 |
1 |
7 |
|a Spurný, Miloš,
|d 1922-1979
|7 jk01120728
|2 czenas
|
| 648 |
|
7 |
|a 20. století
|7 ch460558
|2 czenas
|
| 648 |
|
7 |
|a 16.-20. století
|7 ch757031
|2 czenas
|
| 650 |
0 |
7 |
|a krajinářská fotografie
|7 ph121927
|z Česko
|y 20. století
|2 czenas
|
| 650 |
0 |
7 |
|a evropské malířství
|7 ph120073
|y 16.-20. století
|2 czenas
|
| 650 |
0 |
7 |
|a krajinomalba
|7 ph121926
|z Evropa
|y 16.-20. století
|2 czenas
|
| 650 |
0 |
9 |
|a landscape photography
|z Czechia
|y 20th century
|2 eczenas
|
| 650 |
0 |
9 |
|a European painting
|y 16th-20th centuries
|2 eczenas
|
| 650 |
0 |
9 |
|a landscape painting
|z Europe
|y 16th-20th centuries
|2 eczenas
|
| 655 |
|
7 |
|a katalogy výstav
|7 fd132536
|2 czenas
|
| 655 |
|
9 |
|a exhibition catalogs
|2 eczenas
|
| 710 |
2 |
|
|a Galerie Zezula (Praha, Česko)
|7 ko20191031197
|4 orm
|4 isb
|
| 910 |
2 |
|
|a BOA001
|b 4-1428.389
|
| 990 |
|
|
|a BK
|
| 995 |
|
|
|a 11
|
| 991 |
|
|
|b 201905
|c NOV
|
| 996 |
6 |
|
|b 2610780054
|c 4-1428.389
|l MZK
|r Sklad / do 1 hodiny
|n 3
|p p.v.
|w 001720978
|u 000010
|a 1
|e BOA001
|j MZK50
|s P
|